Maṇimālā o anyānya galpa. (Record no. 59729)

MARC details
000 -LEADER
fixed length control field 00565cam a22002291 4500
001 - CONTROL NUMBER
control field sa 64006484
003 - CONTROL NUMBER IDENTIFIER
control field DLC
005 - DATE AND TIME OF LATEST TRANSACTION
control field 20260227112040.0
008 - FIXED-LENGTH DATA ELEMENTS--GENERAL INFORMATION
fixed length control field 940602s1961 ii a 000 0 beno
010 ## - LIBRARY OF CONGRESS CONTROL NUMBER
LC control number sa 64006484
025 ## - OVERSEAS ACQUISITION NUMBER
Overseas acquisition number PL480:EP-B-322
035 ## - SYSTEM CONTROL NUMBER
System control number (OCoLC)30538523
040 ## - CATALOGING SOURCE
Original cataloging agency DLC
Transcribing agency CU
Modifying agency CU
-- DLC
042 ## - AUTHENTICATION CODE
Authentication code premarc
050 00 - LIBRARY OF CONGRESS CALL NUMBER
Classification number PZ90.B4
Item number A8
100 1# - MAIN ENTRY--PERSONAL NAME
Personal name Anwar, Namita.
245 10 - TITLE STATEMENT
Title Maṇimālā o anyānya galpa.
260 ## - PUBLICATION, DISTRIBUTION, ETC.
Date of publication, distribution, etc. [1961]
300 ## - PHYSICAL DESCRIPTION
Extent 88 p.
Other physical details ill.
Dimensions 17 cm.
500 ## - GENERAL NOTE
General note In Bengali.
650 #0 - SUBJECT ADDED ENTRY--TOPICAL TERM
Topical term or geographic name entry element Children's stories, Bengali.

No items available.

Powered by Koha